00869nam a2200241 i 4500001001000000003000900010005001700019007000300036008004100039020001800080040003000098082002500128100003400153245008700187264003700274300002800311336002700339337003300366338002800399500006500427500010200492650003300594000039185DO-SdBNP20240805113317.0ta130606s2009 dr r 000 0 spa d a9789945409031 aDO-SdBNPbspacBNPHUerda 4a467.97293bG633d2221 aGómez Marín, Lucy,eautor10aDominicanismos :bdiccionario para entender al dominicano /cLucy Gómez Marín. 1aSanto Domingo :bConadex,c2009. a172 páginas ;c22 cm. 2rdacontentatextobtxt 2rdamediaasin mediaciónbn 2rdacarrieravolumenbnc aIncluye datos biográficos de la autor en la contracubierta aUna recopilación de palabras, frases y expresiones que ddefinen la idiosincrasia del dominicano 4aDominicanismosxDiccionarios